Tri thức bách khoa dành cho nam, nữ thanh niên trong tình yêu, hôn nhân hiện đại /

Gardado en:
Detalles Bibliográficos
Autor Principal: Không rõ
Formato: Libro
Idioma:Vietnamese
Publicado: TN 2007
Các nhãn: Engadir etiqueta
Sen Etiquetas, Sexa o primeiro en etiquetar este rexistro!
Thư viện lưu trữ: Mạng thư viện Đại học Đà Nẵng
LEADER 00662nam a2200265 4500
001 000028370
003 TR-T07
005 20150403120000.0
008 150403s vm 000 vie
020 |c 0,0000 
040 |a notts 
100 |a Không rõ 
245 |a Tri thức bách khoa dành cho nam, nữ thanh niên trong tình yêu, hôn nhân hiện đại /  |c Phạm Ninh. 
260 |b TN  |c 2007 
OWN |a LTT 
999 |a From the UDN01 
TYP |a Monograph 
TYP |a Printed language 
980 |a Mạng thư viện Đại học Đà Nẵng